000 00450nam a2200181Ia 4500
008 131103s9999 xx 000 0 und d
040 _aLoreto College
041 _aEnglish
082 _aH
_b#NAME?
100 _aHomer
245 4 _aThe Iliad
_cHomar;translated by E.V.Rieu
260 _aLondon
_bPenguin Books
_c1950
300 _a469 p.
_c 18 cm.
440 _aPenguin Classics
650 _aEnglish Fiction
850 _aLCLIB
942 _cBK
999 _c13345
_d63824